000 00777cab a2200229 4500
001 WB2826-22
008 090401t1992 xxu||||| |||| 00| 0 eng d
035 _a(Sirsi) u49451
041 _aeng
245 _aAccess to neighbouring land
260 _c1992
350 _a0
490 _aCS Monthly : Rural Practice
_v1 (10) July 1992, 6(1)
520 _aOutlines the implications of the Access to Neighbouring Land Act 1992 which received Royal Assent in March. The Act stipulates that the temporary right of access to another`s land will only be at the discretion of courts.
650 _aACCESS TO NEIGHBOURING LAND ACT 1992
650 _aCROWN PROPERTY
650 _aRIGHT OF ACCESS
650 _aTRESPASS
690 _aLAND
942 _n0
948 _c04/03/1997
999 _c30947
_d30947